Animal Crossing Species: Sheep - Statistics

General Stats
  • This quiz has been taken 16 times
  • The average score is 7 of 16
Answer Stats
Answer % Correct
Dom
70%
Vesta
70%
Willow
70%
Wendy
60%
Baabara
50%
Etoile
50%
Eunice
50%
Stella
50%
Frita
40%
Muffy
40%
Pietro
40%
Timbra
40%
Curlos
30%
Woolio
30%
Gen
20%
Chasmere
0%
No matching quizzes found
Score Distribution
Percent of People with Each Score
Percentile by Number Answered
Your Score History
You have not taken this quiz